[Event "KGZ-ch"]
[Site "Bishkek"]
[Date "2016.05.02"]
[Round "7"]
[White "Isaev, Chyngyz"]
[Black "Pahomeev, Oleg"]
[Result "1-0"]
[WhiteElo "2116"]
[BlackElo "1994"]
[PlyCount "82"]
[EventDate "2016.04.26"]
[EventType "tourn"]
[EventRounds "9"]
[EventCountry "KGZ"]
[SourceTitle "CBM 172 Extra"]
[Source "ChessBase"]
[SourceDate "2016.06.21"]
[SourceVersion "1"]
[SourceVersionDate "2016.06.21"]
[SourceQuality "1"]

1. d4 Nf6 2. Bf4 e6 3. e3 c5 4. c3 Be7 5. h3 b6 6. Nf3 Bb7 7. Bd3 d6 8. 0-0 Nbd7 9. Nbd2 h6 10. Bh2 d5 11. Ne5 Nxe5 12. dxe5 Nd7 13. e4 c4 14. Be2 b5 15. a4 a6 16. exd5 Bxd5 17. b4 cxb3 18. axb5 axb5 19. Bxb5 Rxa1 20. Qxa1 0-0 21. c4 Ba8 22. Nxb3 Nc5 23. Qc3 Qb8 24. Nxc5 Bxc5 25. Bf4 Rd8 26. Be3 Qb7 27. f3 Qb6 28. Re1 Bb7 29. Kh1 Kh7 30. Qa3 Bxe3 31. Qxe3 Rd4 32. Kh2 Qd8 33. c5 g6 34. c6 Rb4 35. Qc5 Qa5 36. cxb7 Qxb5 37. Qf8 Qxb7 38. Rd1 g5 39. Rd8 Kg6 40. Qh8 Rb2 41. Qf6+ Kh5 1-0

[Event "KGZ-ch"]
[Site "Bishkek"]
[Date "2016.04.28"]
[Round "3"]
[White "Isaev, Chyngyz"]
[Black "Tologontegin, Semetey"]
[Result "0-1"]
[WhiteElo "2116"]
[BlackElo "2355"]
[PlyCount "84"]
[EventDate "2016.04.26"]
[EventType "tourn"]
[EventRounds "9"]
[EventCountry "KGZ"]
[SourceTitle "CBM 172 Extra"]
[Source "ChessBase"]
[SourceDate "2016.06.21"]
[SourceVersion "1"]
[SourceVersionDate "2016.06.21"]
[SourceQuality "1"]

1. d4 Nf6 2. Nf3 e6 3. Bf4 c5 4. e3 Qb6 5. Nc3 a6 6. a3 cxd4 7. exd4 d5 8. Bd3 Nc6 9. 0-0 Bd7 10. Ne2 Be7 11. b3 Na5 12. Nd2 0-0 13. c4 dxc4 14. bxc4 Rac8 15. Qb1 Qa7 16. Rc1 Rfd8 17. Qb2 b6 18. Rcb1 Rc6 19. Be3 Rb8 20. h3 Be8 21. Nc3 Rcc8 22. Bf4 Rb7 23. Be3 Rbb8 24. Bf4 Rb7 25. Be3 Qb8 26. Nb3 Nxc4 27. Bxc4 Rxc4 28. Na5 Rxc3 29. Nxb7 Rxe3 30. Nc5 Qd6 31. fxe3 bxc5 32. Qb8 Qd5 33. Qe5 Qc6 34. dxc5 Bxc5 35. Rc1 Nd7 36. Qc3 Qe4 37. Re1 h6 38. Rad1 Qf5 39. Qb3 Qg5 40. Rc1 Nf6 41. Re2 Bb5 42. h4 Qxh4 0-1

[Event "KGZ-ch"]
[Site "Bishkek"]
[Date "2016.04.27"]
[Round "2"]
[White "Taalaibekov, Tagir"]
[Black "Isaev, Chyngyz"]
[Result "1/2-1/2"]
[WhiteElo "2148"]
[BlackElo "2116"]
[PlyCount "73"]
[EventDate "2016.04.26"]
[EventType "tourn"]
[EventRounds "9"]
[EventCountry "KGZ"]
[SourceTitle "CBM 172 Extra"]
[Source "ChessBase"]
[SourceDate "2016.06.21"]
[SourceVersion "1"]
[SourceVersionDate "2016.06.21"]
[SourceQuality "1"]

1. d4 d5 2. c4 c6 3. cxd5 cxd5 4. Nc3 Nf6 5. Nf3 Nc6 6. Bf4 e6 7. e3 a6 8. Rc1 Bd6 9. Bg3 0-0 10. Bd3 Re8 11. 0-0 Bxg3 12. hxg3 Qd6 13. Bb1 Bd7 14. Qd3 Nb4 15. Qd2 Rac8 16. a3 Nc6 17. b4 b5 18. Qd3 Red8 19. Rfd1 Be8 20. Rc2 Rc7 21. Rdc1 Rdc8 22. e4 dxe4 23. Nxe4 Nxe4 24. Qxe4 g6 25. Rc5 Ne7 26. Qc2 Rxc5 27. dxc5 Qc7 28. Rd1 Rd8 29. Rxd8 Qxd8 30. Qd3 Qxd3 31. Bxd3 Bc6 32. Nd4 Bb7 33. Ne2 e5 34. Nc3 f5 35. f3 Kf7 36. Bb1 Bc8 37. Kf2 1/2-1/2

[Event "KGZ-ch"]
[Site "Bishkek"]
[Date "2016.04.26"]
[Round "1"]
[White "Isaev, Chyngyz"]
[Black "Sezdbekov, Ruslan"]
[Result "0-1"]
[WhiteElo "2116"]
[BlackElo "2043"]
[PlyCount "64"]
[EventDate "2016.04.26"]
[EventType "tourn"]
[EventRounds "9"]
[EventCountry "KGZ"]
[SourceTitle "CBM 172 Extra"]
[Source "ChessBase"]
[SourceDate "2016.06.21"]
[SourceVersion "1"]
[SourceVersionDate "2016.06.21"]
[SourceQuality "1"]

1. d4 d5 2. c4 e5 3. dxe5 d4 4. Nf3 Nc6 5. Nbd2 Bg4 6. h3 Bh5 7. a3 a5 8. b3 Bc5 9. Bb2 Nge7 10. g3 Bxf3 11. Nxf3 Ng6 12. Bg2 Qd7 13. 0-0 Rd8 14. Qd2 0-0 15. Rfd1 Rfe8 16. e3 d3 17. Qc3 Re6 18. Ng5 Re7 19. Bd5 Ngxe5 20. Rxd3 Qf5 21. Bxf7+ Kf8 22. Rxd8+ Nxd8 23. f4 Nexf7 24. Nxf7 Nxf7 25. Qxg7+ Ke8 26. Qg8+ Kd7 27. Rd1+ Nd6 28. Bd4 Bxd4 29. exd4 Qe4 30. Qg4+ Nf5 31. d5 h5 32. Qxh5 Qe3+ 0-1

[Event "Asia-ch U18"]
[Site "Ulaanbaatar"]
[Date "2016.04.07"]
[Round "2"]
[White "Lee, Jun Hyeok"]
[Black "Isaev, Chyngyz"]
[Result "1/2-1/2"]
[WhiteElo "2278"]
[BlackElo "2116"]
[PlyCount "179"]
[EventDate "2016.04.06"]
[EventType "swiss"]
[EventRounds "9"]
[EventCountry "MGL"]
[SourceTitle "EXT 2017"]
[Source "ChessBase"]
[SourceDate "2016.10.25"]
[SourceVersion "1"]
[SourceVersionDate "2016.10.25"]
[SourceQuality "1"]

1. Nf3 d5 2. g3 Nf6 3. Bg2 c6 4. c4 dxc4 5. 0-0 Bf5 6. Na3 e5 7. Nxc4 e4 8. Ne1 Be6 9. Ne3 Bc5 10. d3 0-0 11. Qc2 exd3 12. Nxd3 Bxe3 13. Bxe3 Na6 14. Rad1 Qa5 15. b3 Bf5 16. Qb2 Qc7 17. Bd4 Qe7 18. Nf4 Ne8 19. e4 Bd7 20. b4 b6 21. b5 Nac7 22. bxc6 Bxc6 23. Nd5 Bxd5 24. exd5 Rd8 25. Rfe1 Qd7 26. Bc3 Nb5 27. Bb4 Ned6 28. Rc1 Rfe8 29. Red1 Rc8 30. Rc6 h6 31. Qd4 Nc4 32. Qb2 Nbd6 33. Bf1 Ne5 34. Bg2 Ndc4 35. Rxc8 Rxc8 36. Qb3 Nd6 37. Bc3 Nec4 38. Ba1 Na5 39. Qb2 f6 40. Qe2 Qa4 41. Qe6+ Kh8 42. Rf1 Nac4 43. Bxf6 Re8 44. Be7 Nc8 45. Bh3 N4d6 46. Rc1 Rxe7 47. Rxc8+ Nxc8 48. Qxc8+ Qe8 49. Qf5 Re1+ 50. Bf1 Re5 51. Qd3 Qd7 52. Bg2 Re1+ 53. Bf1 b5 54. h4 a5 55. Qc3 Re8 56. Qxa5 Qxd5 57. Qxb5 Qf7 58. Bd3 Rf8 59. Qc5 Qf6 60. Be4 Qf7 61. Bg6 Qf3 62. Be4 Qf6 63. Kg2 Rd8 64. Qf5 Qxf5 65. Bxf5 Rf8 66. g4 Kg8 67. Be6+ Kh7 68. h5 Rf6 69. Bd5 Rd6 70. Bf7 Rd7 71. Be6 Re7 72. Bd5 g5 73. hxg6+ Kxg6 74. Kg3 Rd7 75. Be4+ Kg5 76. f3 Rd1 77. f4+ Kf6 78. Bf3 Rd3 79. Kf2 Rb3 80. Bd5 Ra3 81. Kg2 Rd3 82. Be4 Rd4 83. Kf3 Rb4 84. Bd5 h5 85. gxh5 Kf5 86. Bf7 Rxf4+ 87. Ke3 Ke5 88. Bg6 Rf6 89. Be4 Ra6 90. Bd3 1/2-1/2

[Event "Asia-ch U20 rapid"]
[Site "Bishkek"]
[Date "2015.10.08"]
[Round "5"]
[White "Javanbakht, Nima"]
[Black "Isaev, Chyngyz"]
[Result "1-0"]
[WhiteElo "2399"]
[BlackElo "1762"]
[PlyCount "55"]
[EventDate "2015.10.08"]
[EventType "swiss (rapid)"]
[EventRounds "7"]
[EventCountry "KGZ"]
[SourceTitle "EXT 2018"]
[Source "ChessBase"]
[SourceDate "2017.10.13"]
[SourceVersion "1"]
[SourceVersionDate "2017.10.13"]
[SourceQuality "1"]

1. d4 d5 2. c4 e6 3. Nc3 Be7 4. Nf3 Nf6 5. cxd5 exd5 6. Bg5 c6 7. e3 Bf5 8. Bd3 Bxd3 9. Bxf6 Bxf6 10. Qxd3 a5 11. h4 Nd7 12. g4 h6 13. 0-0-0 Qc7 14. g5 Be7 15. Kb1 0-0-0 16. Nxd5 Qd6 17. Nf4 Kb8 18. Qf5 Rhf8 19. Qxa5 h5 20. Rd3 g6 21. Rc1 Qb4 22. Qxb4 Bxb4 23. Rb3 Bd6 24. Rxc6 Bxf4 25. exf4 Ka8 26. Rc7 b6 27. Ra3+ Kb8 28. Raa7 1-0

[Event "Asia-ch U20 rapid"]
[Site "Bishkek"]
[Date "2015.10.08"]
[Round "3"]
[White "Taalaibekov, Tagir"]
[Black "Isaev, Chyngyz"]
[Result "1/2-1/2"]
[WhiteElo "1980"]
[BlackElo "1762"]
[PlyCount "69"]
[EventDate "2015.10.08"]
[EventType "swiss (rapid)"]
[EventRounds "7"]
[EventCountry "KGZ"]
[SourceTitle "EXT 2018"]
[Source "ChessBase"]
[SourceDate "2017.10.13"]
[SourceVersion "1"]
[SourceVersionDate "2017.10.13"]
[SourceQuality "1"]

1. e4 e6 2. d4 d5 3. exd5 exd5 4. Bd3 Bd6 5. Ne2 c6 6. 0-0 Ne7 7. c3 0-0 8. Bf4 Bf5 9. Bxd6 Qxd6 10. Ng3 Bxd3 11. Qxd3 Nd7 12. Nd2 Nf6 13. f3 Ng6 14. Rfe1 Rfe8 15. Ndf1 Rxe1 16. Rxe1 Re8 17. Rxe8+ Nxe8 18. Qe3 Qe7 19. Nf5 Qxe3+ 20. N1xe3 Kf8 21. Kf2 Ne7 22. Nxe7 Kxe7 23. b3 Ke6 24. c4 b6 25. cxd5+ cxd5 26. Ke2 Nd6 27. Kd3 f5 28. g3 g5 29. Nd1 f4 30. Nc3 h5 31. gxf4 gxf4 32. a4 a5 33. Nb5 Nxb5 34. axb5 h4 35. Ke2 1/2-1/2

[Event "Asia-ch U20"]
[Site "Bishkek"]
[Date "2015.10.07"]
[Round "6"]
[White "Isaev, Chyngyz"]
[Black "Harsha, Bharathakoti"]
[Result "1/2-1/2"]
[WhiteElo "2193"]
[BlackElo "2384"]
[PlyCount "61"]
[EventDate "2015.10.03"]
[EventType "swiss"]
[EventRounds "9"]
[EventCountry "KGZ"]
[SourceTitle "CBM 168 Extra"]
[Source "ChessBase"]
[SourceDate "2015.10.29"]
[SourceVersion "1"]
[SourceVersionDate "2015.10.29"]
[SourceQuality "1"]

1. d4 d5 2. c4 e6 3. Nc3 c6 4. e3 Nf6 5. Nf3 Nbd7 6. Qc2 Bd6 7. b3 0-0 8. Be2 b6 9. Bb2 Bb7 10. 0-0 Qe7 11. Rac1 Rac8 12. Rfd1 Rfd8 13. Bf1 c5 14. dxc5 Nxc5 15. cxd5 exd5 16. h3 Nce4 17. Qd3 Ba3 18. Qb1 Bc5 19. Nd4 g6 20. Qd3 Re8 21. Rc2 Bd6 22. Rdc1 Bb8 23. Nf3 Rcd8 24. Qd4 Kg7 25. Nb5 Nc5 26. Rd1 a6 27. Qxf6+ Qxf6 28. Bxf6+ Kxf6 29. Nbd4 Rc8 30. Rdc1 Ne6 31. g3 1/2-1/2

[Event "Asia-ch U20"]
[Site "Bishkek"]
[Date "2015.10.07"]
[Round "5.5"]
[White "Taalaibekov, Tagir"]
[Black "Isaev, Chyngyz"]
[Result "1/2-1/2"]
[WhiteElo "2202"]
[BlackElo "2193"]
[PlyCount "52"]
[EventDate "2015.10.03"]
[EventType "swiss"]
[EventRounds "9"]
[EventCountry "KGZ"]
[SourceTitle "EXT 2022"]
[Source "ChessBase"]
[SourceDate "2021.10.06"]
[SourceVersion "1"]
[SourceVersionDate "2021.10.06"]
[SourceQuality "1"]

1. e4 e6 2. d4 d5 3. exd5 exd5 4. Bd3 Nf6 5. Ne2 Bd6 6. 0-0 Nc6 7. c3 Ne7 8. Bf4 Bf5 9. Bxf5 Nxf5 10. Qd3 Qd7 11. Nd2 0-0 12. Bxd6 Nxd6 13. f3 c6 14. Ng3 Rfe8 15. Rfe1 Rxe1+ 16. Rxe1 Re8 17. Rxe8+ Nfxe8 18. b3 Nc7 19. c4 b6 20. Ngf1 Qe6 21. Ne3 Qg6 22. Qxg6 fxg6 23. cxd5 cxd5 24. a4 Kf7 25. Kf2 Ne6 26. Nxd5 Nxd4 1/2-1/2

[Event "Asia-ch U20"]
[Site "Bishkek"]
[Date "2015.10.06"]
[Round "4.7"]
[White "Isaev, Chyngyz"]
[Black "Mamatov, Melis"]
[Result "1-0"]
[WhiteElo "2193"]
[BlackElo "2096"]
[PlyCount "77"]
[EventDate "2015.10.03"]
[EventType "swiss"]
[EventRounds "9"]
[EventCountry "KGZ"]
[SourceTitle "EXT 2022"]
[Source "ChessBase"]
[SourceDate "2021.10.06"]
[SourceVersion "1"]
[SourceVersionDate "2021.10.06"]
[SourceQuality "1"]

1. d4 e6 2. g3 f5 3. Bg2 Nf6 4. Nh3 Be7 5. 0-0 0-0 6. c4 d6 7. Qb3 c6 8. Rd1 Qb6 9. Qxb6 axb6 10. Nc3 Bd8 11. d5 Be7 12. b3 e5 13. Bb2 Bd7 14. Rd2 Ra7 15. a4 Na6 16. dxc6 bxc6 17. Nb5 cxb5 18. axb5 Ne4 19. Rdd1 Rfa8 20. bxa6 Bc8 21. f4 exf4 22. Nxf4 Rxa6 23. Nd5 Bd8 24. Bxe4 fxe4 25. Kf2 Bb7 26. Ke3 Ra2 27. Rab1 Bg5+ 28. Kxe4 Re8+ 29. Kd3 Bxd5 30. cxd5 Re3+ 31. Kc4 Ra5 32. Bd4 Rxe2 33. Bxb6 Ra8 34. h4 Bf6 35. Kb5 Rb8 36. Rbc1 Rb2 37. Kc6 Rxb3 38. Bc7 R8b7 39. Kxd6 1-0

[Event "Wch U20 54th"]
[Site "Khanty-Mansiysk"]
[Date "2015.09.02"]
[Round "1"]
[White "Barbot, Pierre"]
[Black "Isaev, Chyngyz"]
[Result "1-0"]
[WhiteElo "2455"]
[BlackElo "2163"]
[PlyCount "77"]
[EventDate "2015.09.02"]
[EventType "swiss"]
[EventRounds "13"]
[EventCountry "RUS"]
[SourceTitle "EXT 2016"]
[Source "ChessBase"]
[SourceDate "2015.10.08"]
[SourceVersion "1"]
[SourceVersionDate "2015.10.08"]
[SourceQuality "1"]

1. d4 d5 2. c4 e6 3. Nc3 Be7 4. Nf3 Nf6 5. Bg5 0-0 6. e3 h6 7. Bxf6 Bxf6 8. Qd2 Nc6 9. 0-0-0 dxc4 10. Bxc4 e5 11. d5 Ne7 12. Rhg1 Nf5 13. g4 Nd6 14. Bb3 Qe7 15. h4 e4 16. g5 Bxc3 17. Qxc3 h5 18. Nd4 g6 19. Kb1 Bf5 20. Rc1 Rfc8 21. Qa5 a6 22. Rc2 Bg4 23. Rgc1 Ne8 24. Ba4 Bd7 25. Bb3 Bg4 26. a3 Rd8 27. Qc3 Rac8 28. Ba2 Qd6 29. Qb3 Rb8 30. Rc5 Qe7 31. Ka1 Rdc8 32. Qc2 Bf5 33. Nxf5 gxf5 34. d6 Nxd6 35. g6 b6 36. gxf7+ Kf8 37. Qc3 Qxh4 38. Qh8+ Ke7 39. Rxc7+ 1-0

[Event "World ol U16"]
[Site "Ulaanbaatar"]
[Date "2015.08.25"]
[Round "6.1"]
[White "Isaev, Chyngyz"]
[Black "Makhnyov, Denis"]
[Result "0-1"]
[WhiteElo "2197"]
[BlackElo "2338"]
[PlyCount "31"]
[EventDate "2015.08.20"]
[EventType "team-swiss"]
[EventRounds "9"]
[EventCountry "MGL"]
[SourceTitle "EXT 2016"]
[Source "ChessBase"]
[SourceDate "2015.10.08"]
[SourceVersion "1"]
[SourceVersionDate "2015.10.08"]
[SourceQuality "1"]
[WhiteTeam "Kyrgyzstan"]
[BlackTeam "Kazakhstan"]
[WhiteTeamCountry "KGZ"]
[BlackTeamCountry "KAZ"]

1. d4 Nf6 2. c4 e6 3. Nc3 Bb4 4. Qc2 0-0 5. a3 Bxc3+ 6. Qxc3 d6 7. Nf3 b6 8. Bg5 h6 9. Bxf6 Qxf6 10. e3 Bb7 11. Be2 Nd7 12. 0-0 Rfe8 13. b4 e5 14. Rfe1 c5 15. bxc5 bxc5 16. dxc5 0-1

[Event "World ol U16"]
[Site "Ulaanbaatar"]
[Date "2015.08.22"]
[Round "3.1"]
[White "Kethro, Michael"]
[Black "Isaev, Chyngyz"]
[Result "1/2-1/2"]
[WhiteElo "2018"]
[BlackElo "2197"]
[PlyCount "50"]
[EventDate "2015.08.20"]
[EventType "team-swiss"]
[EventRounds "9"]
[EventCountry "MGL"]
[SourceTitle "EXT 2016"]
[Source "ChessBase"]
[SourceDate "2015.10.08"]
[SourceVersion "1"]
[SourceVersionDate "2015.10.08"]
[SourceQuality "1"]
[WhiteTeam "Australia"]
[BlackTeam "Kyrgyzstan"]
[WhiteTeamCountry "AUS"]
[BlackTeamCountry "KGZ"]

1. d4 d5 2. c4 e6 3. Nf3 Nf6 4. g3 dxc4 5. Bg2 c5 6. 0-0 Nc6 7. Qa4 Bd7 8. Qxc4 cxd4 9. Nxd4 Rc8 10. Nc3 Nxd4 11. Qxd4 Bc5 12. Qh4 Bc6 13. Rd1 Qb6 14. Bxc6+ Rxc6 15. Na4 Qb4 16. Qxb4 Bxb4 17. a3 Bd6 18. Be3 b5 19. Rac1 Rxc1 20. Rxc1 Ke7 21. Nc5 Rc8 22. Nd3 Rxc1+ 23. Nxc1 e5 24. f3 e4 25. fxe4 Nxe4 1/2-1/2

[Event "Asia Cities-ch 19th"]
[Site "Kalutara "]
[Date "2015.07.23"]
[Round "2"]
[White "Isaev, Chyngyz"]
[Black "Al Hajiri, Bader"]
[Result "1-0"]
[WhiteElo "2173"]
[BlackElo "2231"]
[PlyCount "61"]
[EventDate "2015.07.22"]
[EventType "team-tourn"]
[EventRounds "9"]
[EventCountry "SRI"]
[SourceTitle "EXT 2020"]
[Source "ChessBase"]
[SourceDate "2019.10.17"]
[SourceVersion "1"]
[SourceVersionDate "2019.10.17"]
[SourceQuality "1"]
[WhiteTeam "Bishkek"]
[BlackTeam "Kuwait"]
[WhiteTeamCountry "KGZ"]
[BlackTeamCountry "KUW"]

1. d4 d5 2. c4 c6 3. Nf3 Nf6 4. e3 e6 5. Nc3 Nbd7 6. Qc2 Bd6 7. b3 0-0 8. Be2 b6 9. Bb2 Bb7 10. 0-0 Qe7 11. Rfe1 Rac8 12. Rac1 c5 13. cxd5 exd5 14. Red1 Ne4 15. dxc5 Rxc5 16. Qd3 Rfc8 17. Nxd5 Bxd5 18. Qxd5 Rxd5 19. Rxc8+ Nf8 20. Rxd5 Qe6 21. Rxf8+ Kxf8 22. Bc4 Qe7 23. g3 Bc5 24. Re5 Qd7 25. Rxe4 Qd1+ 26. Kg2 Qc2 27. Rf4 Qxb2 28. Rxf7+ Ke8 29. Ng5 Bxe3 30. Bd5 Kd8 31. Ne6+ 1-0

[Event "Wch U16"]
[Site "Durban"]
[Date "2014.09.25"]
[Round "7"]
[White "Christiansen, Johan Sebastian"]
[Black "Isaev, Chyngyz"]
[Result "1-0"]
[WhiteElo "2233"]
[BlackElo "1957"]
[PlyCount "47"]
[EventDate "2014.09.20"]
[EventType "swiss"]
[EventRounds "11"]
[EventCountry "RSA"]
[SourceTitle "CBM 162 Extra"]
[Source "ChessBase"]
[SourceDate "2014.10.17"]
[SourceVersion "1"]
[SourceVersionDate "2014.10.17"]
[SourceQuality "1"]

1. Nf3 d5 2. c4 d4 3. b4 c5 4. g3 Nf6 5. Bg2 Qc7 6. e3 e5 7. exd4 cxd4 8. 0-0 Nbd7 9. Re1 Bxb4 10. Qa4 Bd6 11. Nxd4 0-0 12. Nb5 Qb6 13. Nxd6 Qxd6 14. Ba3 Qd4 15. Bxf8 Qxa1 16. Bb4 Nb6 17. Qa5 Qd4 18. Na3 Be6 19. Bxb7 Rb8 20. Qxa7 Nbd7 21. Qa6 Ng4 22. Rf1 Qb6 23. Qxb6 Nxb6 24. Rb1 1-0

[Event "Wch U16"]
[Site "Durban"]
[Date "2014.09.22"]
[Round "4"]
[White "Isaev, Chyngyz"]
[Black "Kaczur, Florian"]
[Result "0-1"]
[WhiteElo "1957"]
[BlackElo "2278"]
[PlyCount "39"]
[EventDate "2014.09.20"]
[EventType "swiss"]
[EventRounds "11"]
[EventCountry "RSA"]
[SourceTitle "CBM 162 Extra"]
[Source "ChessBase"]
[SourceDate "2014.10.17"]
[SourceVersion "1"]
[SourceVersionDate "2014.10.17"]
[SourceQuality "1"]

1. d4 Nf6 2. c4 e6 3. Nc3 Bb4 4. Qc2 0-0 5. a3 Bxc3+ 6. Qxc3 b6 7. Nf3 Bb7 8. g3 d6 9. Bg2 Nbd7 10. 0-0 Rc8 11. Rd1 Qe7 12. b3 c5 13. dxc5 Nxc5 14. Bg5 Nce4 15. Bxf6 Nxf6 16. b4 Rfd8 17. a4 Qc7 18. a5 Ne4 19. Qa3 b5 20. cxb5 0-1

[Event "KGZ-ch"]
[Site "Bishkek"]
[Date "2014.05.22"]
[Round "6"]
[White "Abdyjapar, Asyl"]
[Black "Isaev, Chyngyz"]
[Result "1/2-1/2"]
[WhiteElo "2382"]
[BlackElo "1931"]
[PlyCount "112"]
[EventDate "2014.05.17"]
[EventType "tourn"]
[EventRounds "11"]
[EventCountry "KGZ"]
[SourceTitle "EXT 2016"]
[Source "ChessBase"]
[SourceDate "2015.10.08"]
[SourceVersion "1"]
[SourceVersionDate "2015.10.08"]
[SourceQuality "1"]

1. d4 d5 2. c4 e6 3. Nc3 Be7 4. Nf3 Nf6 5. Bf4 0-0 6. e3 Nbd7 7. c5 c6 8. Bd3 b6 9. b4 a5 10. a3 Ba6 11. 0-0 Qc8 12. h3 Qb7 13. Qe2 Bxd3 14. Qxd3 axb4 15. axb4 b5 16. Nd2 Rxa1 17. Rxa1 Ra8 18. Qb1 Bd8 19. Ra2 h6 20. e4 Ne8 21. exd5 exd5 22. Nb3 Bc7 23. Bxc7 Rxa2 24. Qxa2 Nxc7 25. Na5 Qa8 26. Qe2 Ne6 27. Qe3 Nf6 28. Qe5 Qc8 29. Ne2 Qd7 30. Ng3 Ne8 31. Nf5 Kh7 32. Nh4 g6 33. Nf3 Nd8 34. h4 f6 35. Qf4 h5 36. Ne1 Qe7 37. Kf1 Ng7 38. Nc2 Nf5 39. Ne3 Nxe3+ 40. fxe3 Kg7 41. Kf2 Qd7 42. Kf3 Qf5 43. Qxf5 gxf5 44. Nb3 Ne6 45. Nc1 Kg6 46. Nd3 Kf7 47. Nf4 Ng7 48. Ne2 Ne6 49. Ng3 Ng7 50. Ne2 Ne6 51. Nc1 Kg6 52. Nb3 Kf7 53. Na5 Nd8 54. Kg3 Kg6 55. Kf4 Ne6+ 56. Kf3 Nd8 1/2-1/2